| 000 | 00405nam a2200121Ia 4500 | ||
|---|---|---|---|
| 008 | 220216s9999 xx 000 0 und d | ||
| 100 | _aKow Phang A H | ||
| 245 | 0 | _aControlled upward tapping of old rubber: A case study in a FELDA land scheme | |
| 260 |
_bProceedings of the Rubber Research Institute of Malaysia, Rubber Growers Conference 1986 _c1986 |
||
| 300 | _a174-183 | ||
| 650 | _aCUT | ||
| 942 | _cJS | ||
| 999 |
_c56347 _d56347 |
||